Western sociologists on Indian society : (Record no. 35397)
[ view plain ]
| 000 -LEADER | |
|---|---|
| fixed length control field | 00667nam a22002177a 4500 |
| 001 - CONTROL NUMBER | |
| control field | 35397 |
| 003 - CONTROL NUMBER IDENTIFIER | |
| rucl marc code | BD-RjUL |
| 005 - DATE AND TIME OF LATEST TRANSACTION | |
| control field | 20211209052320.0 |
| 008 - FIXED-LENGTH DATA ELEMENTS--GENERAL INFORMATION | |
| fixed length control field | 140524s1979 enk||||| |||| 001 0 eng d |
| 035 ## - SYSTEM CONTROL NUMBER | |
| System control number | (BD-RjUL)35491 |
| 040 ## - CATALOGING SOURCE | |
| Original cataloging agency | BD-RjUL |
| Language of cataloging | eng |
| Transcribing agency | BD-RjUL |
| 041 ## - LANGUAGE CODE | |
| Language code of text/sound track or separate title | eng |
| 082 ## - DEWEY DECIMAL CLASSIFICATION NUMBER | |
| Classification number | 309.15404 |
| Author mark and year | MAW 1979 |
| 100 1# - MAIN ENTRY--PERSONAL NAME | |
| Personal name | Madan G R |
| 9 (RLIN) | 107799 |
| 245 ## - TITLE STATEMENT | |
| Title | Western sociologists on Indian society : |
| Remainder of title | Marx, Spencer, Weber, Durkheim, Pareto / |
| Statement of responsibility, etc. | G R Madan |
| 260 ## - PUBLICATION, DISTRIBUTION, ETC. (IMPRINT) | |
| Place of publication, distribution, etc. | London : |
| Name of publisher, distributor, etc. | Routledge & Kegan Paul, |
| Date of publication, distribution, etc. | 1979. |
| 300 ## - PHYSICAL DESCRIPTION | |
| Pagination | vii, 398, 15 p. ; |
| Size | 23 cm. |
| 504 ## - BIBLIOGRAPHY, ETC. NOTE | |
| Bibliography, etc | Includes Index |
| 650 ## - SUBJECT ADDED ENTRY--TOPICAL TERM | |
| Topical term or geographic name as entry element | India -- Social conditions -- 1947- |
| 9 (RLIN) | 107800 |
| 942 ## - ADDED ENTRY ELEMENTS (KOHA) | |
| Source of classification or shelving scheme | Dewey Decimal Classification |
| Koha item type | Books |
| Lost status | Source of classification or shelving scheme | Damaged status | Not for loan | Collection code | Permanent Location | Current Location | Shelving location | Date acquired | Source of acquisition | Cost, normal purchase price | Total Checkouts | Full call number | Date last seen | Copy number | Koha item type |
|---|---|---|---|---|---|---|---|---|---|---|---|---|---|---|---|
| Dewey Decimal Classification | Not For Loan | Non-fiction | Central Library, University of Rajshahi | Central Library, University of Rajshahi | Reading Room | 12/05/1983 | Heffer & Sons | 9.95 | 309.15404 MAW 1979 | 24/05/2014 | C-1 | Books |